000 00388nam a22001697a 4500
999 _c3833
_d3832
005 20211007124447.0
008 160624b xxu||||| |||| 00| 0 eng d
020 _a978-0-07-060448-3
041 _aeng
082 _b9580
100 _aChase, Richard B and others
_96954
245 _aOperation Management
260 _bTMH
300 _a830
650 _aManagement
_9241
942 _cBK